000 00622nam a2200229Ia 4500
001 3121
003 GE_BSU
008 181216s||||||||xx |||||||||||||| ||und||
040 _cGE_BSU
080 _a537(075.8)+530
100 _aСавельев,И.В.
245 _aКурс общей физики: Электричество. Т.2.
245 _bУчеб.
245 _cРед. Е.Б.Кузнецова.
250 _aИзд третье.
260 _aМ.
260 _bНаука.
260 _c1968.
300 _a336 стр. 21 см. с илл.
653 _aКурс общей физики.
942 _cBK
999 _c37165
_d37165